| 000 | 00698nam a2200181 a 4500 | ||
|---|---|---|---|
| 008 | 170126s2013 ||||||||||||||||| || u | ||
| 050 | _aCBU-UG THESIS/ASU | ||
| 100 | _aAsumani, Arthur | ||
| 245 | 1 | 4 |
_aThe performance of tree planting in Kitwe district: a case study _cby Arthur Asumani |
| 260 |
_aKitwe _bCopperbelt University _c2013 |
||
| 300 | _aix, 53p.: ill. | ||
| 500 | _aBibliography | ||
| 650 | _a FORESTS AND FORESTRY--RESEARCH--ZAMBIA | ||
| 650 | _aAGROFORESTRY--ZAMBIA | ||
| 650 | 0 | _aFOREST CONSERVATION | |
| 650 | _aTREE PLANTING--TROPICS | ||
| 995 |
_FCBU-MAIN LIBRARY (Kitwe) _M2 _UAVAILABLE _WJul 27, 2020 _ZUniversity Collection |
||
| 999 |
_c81793 _d81793 |
||